| 000 | 00433cam a22001097a 4500 | ||
|---|---|---|---|
| 008 | 180718b1972 xxu||||| |||| 00| 0 eng d | ||
| 082 | _aQ93x73 Un3r | ||
| 245 |
_aRole of correctional industries: a summary report _cby National Institute of Law Enforcement and Criminal Justice, U.S.A. |
||
| 260 |
_aWashington _bDepartment of Justice _c1972 |
||
| 300 | _a27p. | ||
| 700 | _aU.S.A. National Institute of Law Enforcement and criminal justice | ||
| 999 |
_c495836 _d495836 |
||